| 000 | 00463nam a22001697a 4500 | ||
|---|---|---|---|
| 003 | MACL | ||
| 005 | 20160730142638.0 | ||
| 008 | 160730b xxu||||| |||| 00| 0 eng d | ||
| 040 | _cMACL | ||
| 041 | _aEnglish | ||
| 082 | _a780 SIN | ||
| 100 |
_aSingha, Vijay Prakash _965808 |
||
| 245 |
_aHindustani Classical Music _bA Guidebook For Beginners _cVijay Prakash Singha |
||
| 260 |
_aNew Delhi _bRoli Books _c2014 |
||
| 650 |
_aMusic _965809 |
||
| 942 |
_2ddc _cBK |
||
| 999 |
_c55349 _d55349 |
||